[Event "EU-Cup 18th"]
[Site "Kallithea"]
[Date "2002.09.23"]
[Round "2.3"]
[White "Gritsak, Orest"]
[Black "Sokolov, Ivan"]
[Result "0-1"]
[WhiteElo "2542"]
[BlackElo "2677"]
[Annotator "Ribli,Z"]
[PlyCount "74"]
[EventDate "2002.09.22"]
[EventType "team-swiss"]
[EventRounds "7"]
[EventCountry "GRE"]
[SourceTitle "CBM 092"]
[Source "ChessBase"]
[SourceDate "2003.02.06"]
[SourceVersion "1"]
[SourceVersionDate "2003.02.06"]
[SourceQuality "1"]
[WhiteTeam "Karpaty"]
[BlackTeam "Sarajevo Bosna"]
[WhiteTeamCountry "UKR"]
[BlackTeamCountry "BIH"]

1. c4 Nf6 2. Nc3 e5 3. Nf3 Nc6 4. d3 {Das ist eine genuegsame Fortsetzung, die
Weiss keine Aussicht auf einen Eröffnungsvorteil bietet. Der gewoehnliche Zug
ist 4.g3, aber 4.d4, 4.e4 und 4.e3 sind auch moeglich.} Bb4 5. Bd2 Qe7 {
Das ist eine seltene Fortsetzung - in vielen Partie Schwarz spielte 5...0-0.} (
5... O-O 6. e3 d5 7. cxd5 Nxd5 8. Be2 Be6 9. O-O Qe7 10. Qc2 (10. a3 Nxc3 11.
Bxc3 Bxc3 12. bxc3 Rad8 13. Qb1 b6 14. d4 Bg4 {1/2-1/2 Bogdanovski,V-Drasko,M/
Star Dojran 1996/EXT 99 (14)}) 10... Rad8 11. a3 Nxc3 12. Bxc3 Bxc3 13. Qxc3
Bf5 14. b4 a6 15. Rac1 Rd7 16. Nd2 Rfd8 17. Ne4 {44/. 1-0 Khasin,A-Baev,A/
Novosibirsk 1995/CBM 49 ext (34)}) 6. e3 {Weiss folgt sein genuegsames Spiel.}
(6. e4 $5) (6. Nd5 $5 Nxd5 7. cxd5 Nd4 8. Nxd4 exd4 9. g3) 6... O-O 7. Be2 Bxc3
{Schwarz gibt von allein das Läuferpaar auf, aber auf diese Weise er kann im
Zentrum aktiv spielen und den Programmzug d7-d5 ausfuehren.} 8. Bxc3 d5 9. cxd5
Nxd5 $11 {Wir haben eigentlich eine typische Stellung aus der Sizilianischen
Verteidigung mit vertauschten Farben erhalten. Schwarz hat bequemes Spiel.} 10.
O-O Rd8 $1 11. Qa4 $6 {Dieser Zug gefaellt mir nicht - die Dame steht "luftig"
auf a4.} (11. Qc2 $11) 11... Rd6 $1 {[%cal Gd6g6][%mdl 4] Ein guter
prophylaktischer Zug - nachfolgend kann Scharz auf der d-Linie verdoppeln und
in einigen Varianten auch Rg6, oder Rh6 ziehen.} 12. Rac1 (12. Nd2 $11) 12...
Bf5 13. Rfd1 (13. e4 $2 Nf4 $17) 13... Rad8 {[%csl Rd3][%cal Gd8d1]} 14. Ne1 (
14. Rd2 {[%cal Ga4d1] Mit diesem Zug Weiss kann 15.Qd1 vorbereiten.} Nxc3 15.
Rxc3 e4 $36) 14... e4 $1 $15 {Ein starker Zentrumsdurchbruch} 15. dxe4 (15. d4
Rh6 $40 {[%csl Rc3,Gd5,Gh6][%cal Ge7h4,Gh6h2]}) 15... Bxe4 $1 {Die
positionelle Drohung Nxc3 kann warten.} (15... Nxc3 16. Rxc3 Rxd1 17. Bxd1 Bxe4
$15 (17... b5 18. Qc2 Bxe4 19. Qc1)) 16. Nf3 (16. Bd2 Nb6 $19) (16. Bd4 Nf4 $17
) 16... Nxc3 {Jetzt muss Schwarz auf c3 nehmen, sonst Weiss kann seine
Stellung mit 17.Be1 konsolidieren.} 17. bxc3 {Das ist die einzige Moeglichkeit
fuer Weiss, aber auf diese Weise wurde seine Bauernstruktur ganz schlecht.} (
17. Rxc3 $2 Rxd1+ 18. Bxd1 b5 19. Qb3 Na5 $19) 17... h6 18. Rxd6 (18. h3 $15)
18... Rxd6 19. Rd1 Rxd1+ 20. Qxd1 b6 {Schwarz hat gesunde Stellung - bessere
Bauernstruktur und aktives Figurenspiel.} 21. Qa4 (21. Nd2 Bg6 $15) 21... Na5 {
[%cal Gc7c5]} 22. Nd2 Bd5 (22... Bc6 $15) 23. Bf3 Be6 $1 {[%csl Ge6]} (23...
Bxf3 24. Nxf3 c5 $15) 24. Nb3 Nxb3 25. axb3 a5 $1 (25... c5 $15) 26. h4 $6 (26.
b4 $15) (26. h3 $15) 26... g6 27. h5 {Auf diese Weise wird der h5P wird eine
ewige potentielle Schwächung, aber der Bauer auf h4 war auch schwach.} (27. g3
Qf6 28. Qc6 Kg7 29. c4 Qc3 $17) 27... g5 {[%csl Rh5]} 28. Bc6 Qd6 {[%cal Rd6d1,
Rd1h5] Droht 29...Qd1+ mit Bauerngewinn.} 29. b4 Qe5 30. bxa5 bxa5 {[%csl Ga5]
Schwarz hat einen ernfernten Freibauern.} (30... Qxa5 31. Qd4) 31. c4 Qc5 32.
Bb5 c6 $1 33. Bxc6 (33. Ba6 $4 Qb6 $19) 33... Qxc4 34. Qxc4 Bxc4 $17 {[%mdl
4096] Der a5P ist sehr gefaehrlich - droht 35...Bb3 mit sofortigem Gewinn und
der h5P ist immer schwach.} 35. Ba4 f6 $1 {[%cal Gc4f7,Gf7h5]} 36. f4 $6 (36.
f3 Bf7 37. g4 Kf8 38. Kf2 Be8 $17) 36... Bf7 (36... gxf4 37. exf4 Be2 $17) 37.
fxg5 fxg5 $19 {Die Partieaufgabe scheint etwas zu frueh, aber das
Läuferendspiel ist fuer Weiss verloren.} (37... fxg5 38. Bd1 (38. g4 Be6 39.
Bd1 Bd7 $19 {[%cal Ga5a4,Ga4a3]}) 38... Be8 $19 {[%cal Ga5a4,Ga4a3]}) 0-1

[Event "OHRA-B"]
[Site "Amsterdam"]
[Date "1990.??.??"]
[Round "7"]
[White "Hansen, Curt"]
[Black "Piket, Jeroen"]
[Result "1/2-1/2"]
[WhiteElo "2560"]
[BlackElo "2495"]
[Annotator "Ribli,Z"]
[PlyCount "42"]
[EventDate "1990.07.??"]
[EventType "swiss"]
[EventRounds "9"]
[EventCountry "NED"]
[SourceTitle "CBM 020"]
[Source "ChessBase"]
[SourceDate "1991.02.01"]
[SourceVersion "1"]
[SourceVersionDate "1991.02.01"]
[SourceQuality "1"]

1. c4 e5 2. Nc3 Nc6 3. e3 Nf6 4. Nf3 Be7 5. a3 O-O 6. b4 $5 d6 7. Qc2 Re8 8.
Bb2 Bg4 9. Be2 Qd7 10. O-O a6 11. Rac1 Bd8 12. Rfd1 (12. d3 $5) 12... e4 13.
Ne1 Ne5 14. Bxg4 Qxg4 15. h3 Qh4 16. Nd5 Nh5 17. d3 c6 18. Nf4 Nxf4 19. exf4
Nxd3 20. Nxd3 exd3 21. Qxd3 Qxf4 1/2-1/2

[Event "Groningen"]
[Site "Groningen"]
[Date "1991.??.??"]
[Round "7"]
[White "Christiansen, Larry Mark"]
[Black "Sokolov, Ivan"]
[Result "0-1"]
[WhiteElo "2600"]
[BlackElo "2570"]
[Annotator "Ribli,Z"]
[PlyCount "112"]
[EventDate "1991.12.??"]
[EventType "tourn"]
[EventRounds "9"]
[EventCountry "NED"]
[EventCategory "13"]
[SourceTitle "CBM 027"]
[Source "ChessBase"]
[SourceDate "1992.04.01"]
[SourceVersion "1"]
[SourceVersionDate "1992.04.01"]
[SourceQuality "1"]

1. c4 e5 2. Nc3 Nc6 3. Nf3 Nf6 4. e4 Bb4 5. d3 d6 6. g3 a6 7. Bg2 b5 8. cxb5
axb5 9. O-O Bxc3 10. bxc3 Bd7 (10... O-O 11. d4 $1 Bg4 12. h3 Bxf3 13. Bxf3 h6
14. Bg2 Ra4 15. Be3 Re8 16. Qd3 exd4 17. cxd4 Rc4 18. Rfc1 d5 19. e5 Ne4 20. a4
$1 $14 {Christiansen,L-Kindermann,S Vienna 1991 CBM/26}) 11. Nh4 $6 (11. d4 $1
Nxe4 12. dxe5 dxe5 13. Nxe5 (13. Re1 $5 $146) 13... Nxe5 14. Bxe4 $14) 11...
O-O 12. f4 h6 13. fxe5 dxe5 14. Be3 Qe7 15. Kh1 Rfd8 16. Qc2 Qd6 17. Rad1 Bg4
18. Rd2 b4 $1 19. h3 Be6 20. c4 Ra3 21. Rfd1 Nd4 $15 22. Qb2 c5 23. Kh2 Qa6 24.
Bxd4 exd4 25. e5 Nd7 26. Re2 Nb6 27. Rf2 Na4 28. Qc1 Nc3 29. Rdd2 Nxa2 30. Qd1
Nc3 31. Qh5 b3 32. g4 Ra2 33. g5 hxg5 34. Qxg5 Rb8 35. Bd5 Rxd2 36. Rxd2 Qa2
37. Bxe6 fxe6 38. Ng6 Kf7 39. Rxa2 bxa2 40. Qe7+ Kxg6 41. Qxe6+ Kh7 42. Qf5+
Kg8 43. Qe6+ Kh8 44. Qa6 Kh7 45. e6 Rb2+ 46. Kg3 Re2 47. h4 Re1 48. e7 Rxe7 49.
h5 Re1 50. Qg6+ Kg8 51. Qa6 a1=Q 52. Qc8+ Kf7 53. Qd7+ Kf8 54. Qf5+ Ke7 55.
Qxc5+ Kd7 56. Qf5+ Kc7 0-1

[Event "Beersheba 16th"]
[Site "Beersheba"]
[Date "1997.02.25"]
[Round "2"]
[White "Greenfeld, Alon"]
[Black "Tseitlin, Mark D"]
[Result "1-0"]
[WhiteElo "2520"]
[BlackElo "2505"]
[Annotator "Ribli,Z"]
[PlyCount "85"]
[EventDate "1997.02.24"]
[EventType "tourn"]
[EventRounds "11"]
[EventCountry "ISR"]
[EventCategory "12"]
[SourceTitle "CBM 058"]
[Source "ChessBase"]
[SourceDate "1997.06.01"]
[SourceVersion "1"]
[SourceVersionDate "1997.06.01"]
[SourceQuality "1"]

1. c4 e5 2. Nc3 Nf6 3. Nf3 Nc6 4. d4 exd4 5. Nxd4 Bb4 6. Bg5 {Heutzutage kommt
dieser seit Jahren nicht mehr gespielte Zug wieder in Mode. Ribli.} d5 {
Ein ungewöhnlicher Zug in dieser Stellung.Ribli.} (6... h6 7. Bh4 Bxc3+ 8. bxc3
Ne5 9. f4 Ng6 10. Bxf6 Qxf6 11. g3 Nf8 $5 12. Bg2 Ne6 13. O-O O-O 14. e4 d6 $11
{Kramnik,V-Karpov,An/Las Palmas/1996/}) 7. e3 (7. Nxc6 bxc6 8. Qb3 $5) 7... O-O
8. Nxc6 (8. cxd5 Qxd5 (8... Nxd4 $2 9. Qxd4 Qxd5 10. Bxf6 $18) 9. Bxf6 gxf6 10.
Qd2 Bxc3 (10... Nxd4 11. exd4 Re8+ 12. Be2 Qxg2 13. O-O-O $44 {[%cal Rd1g1,
Rd2h6]}) 11. bxc3 $14) (8. Be2 dxc4 9. Nxc6 bxc6 10. Qxd8 Rxd8 11. Bxc4 Be6 12.
Bxe6 Bxc3+ 13. bxc3 fxe6 14. Bxf6 gxf6 15. Ke2 Rd6 16. Rab1 Rad8 17. Rhd1 $14 {
Florian,T-Balogh,J/HUN-ch/1950/}) 8... bxc6 9. Be2 h6 10. Bh4 Qd6 (10... g5 11.
Bg3 Ne4 {Das ist zwar spielbar, aber Schwarz erhält eine schlechte
Bauernstruktur. Ribli.}) 11. O-O Bxc3 12. bxc3 Ne4 {[#] In solchen Stellungen
sagt man gerne: Beide stehen schlecht. Weiß hat zwar das Läuferpaar, aber
schwache (noch) Doppelbauern in der c-Linie. Und Schwarz hat auch seine
Bauernschwächen auf c7 und c6. Ribli.} 13. Rc1 Qa3 14. Qc2 Rb8 {[%cal Rb8b2]
Das weiße Läuferpaar hat keine große Bedeutung, weil Schwarz am Damenflügel
konkrete Drohungen aufstellt. Ribli.} 15. cxd5 cxd5 16. c4 Rb2 17. Qd3 Qxd3 (
17... Qxa2 18. Ra1 (18. cxd5 $5) 18... Qb3 19. Qxb3 (19. Rxa7 $2 Qb6 20. Rfa1
Rd2 $19) 19... Rxb3 20. cxd5 $14) 18. Bxd3 Nd2 19. Rfd1 (19. Rfe1 dxc4 20. Bxc4
Nxc4 21. Rxc4 Be6 {Führt zur Partiefolge.Ribli.}) 19... Bg4 $1 20. Re1 (20. f3
$2 Bxf3 21. gxf3 (21. Rxd2 Rxd2 22. gxf3 Rxd3 $19) 21... Nxf3+ $19) 20... dxc4
21. Bxc4 Nxc4 22. Rxc4 Be6 23. Rxc7 Rxa2 {Schwarz hat theoretisch die bessere
Stellung wegen seines entfernten a-Freibauern, aber die ungleichfarbigen
Läufer und die vier Türme lassen eine Punkteteilung erwarten. Ribli.} 24. Rb1
a5 25. Be7 Ra8 26. Rc3 a4 27. Ra3 Rc8 28. Rxa2 Bxa2 29. Ra1 Rc2 {Schwarz hat
die größere Figurenaktivität, aber hier ist das nicht genug. Der a-Bauer ist
nicht gefährlich genug. Ribli.} 30. g4 $1 {Ein guter positioneller Zug.Weiß
hat die Bauernmehrheit am Königsflügel, deshalb will er dort Raum gewinnen.
Ribli.} f6 31. h4 Kf7 32. Ba3 Bd5 33. Rc1 Ra2 (33... Rxc1+ 34. Bxc1 $11 {
In diesem Endspiel bietet der Freibauer wegen der ungleichfarbiger Läufern
keinen Vorteil für Schwarz. Ribli.}) 34. Rc7+ Kg8 35. Rc3 Kf7 36. h5 {Statt
Zugwiederholung verbessert Weiß seine Bauernstellung am Königsflügel. Das
meint natürlich noch nicht, daß er besser steht. Ribli.} Bf3 37. Rc7+ Ke6 $6 {
Ein riskanter Zug . Schwarz hat keine realen Gewinnchancen, und sein König
befindet sich in einer gefährlichen Lage. Ribli.} (37... Kg8 $1 38. Rc8+ Kf7
$11 (38... Kh7 39. Bf8 Bxg4 40. Rc7 Bxh5 41. Rxg7+ Kh8 42. Ra7 $11)) 38. Bf8 {
[%csl Gc7,Re7,Gf8,Rg7]} a3 39. Kh2 Ra1 $6 (39... Bxg4 40. Kg3 Bxh5 41. Ra7 $11)
40. Kg3 Be2 41. Kf4 a2 {Nach meiner Meinung ist guter Rat für Schwarz bereits
teuer. Sein König befindet sich in einem speziellen Mattnetz. Ribli.} (41...
Rd1 42. Re7+ Kd5 43. Rd7+ Kc4 44. Rxd1 Bxd1 45. Bxg7 a2 46. Bxf6 $18) (41...
Rf1 42. Bxa3 Rxf2+ 43. Ke4 Bf3+ $11 (43... Bxg4 $4 44. Re7#)) 42. e4 Bxg4 (
42... Rf1 43. Re7+ Kd6 44. Ra7+ Kc6 45. Rxa2 Rxf2+ 46. Ke3 $18) (42... Rd1 43.
Re7+ Kd6 44. Ra7+ $16) 43. Ba3 {Und Schwarz gab auf. Es droht Matt auf e7 und
nach 43...f5 kommt 44.Re7 Kf6 45.e5 Matt.Ribli.} (43. Ba3 f5 44. Re7+ Kf6 45.
e5#) 1-0

[Event "Terrassa"]
[Site "Terrassa"]
[Date "1991.??.??"]
[Round "3"]
[White "Pomes Marcet, Juan"]
[Black "Epishin, Vladimir"]
[Result "0-1"]
[WhiteElo "2400"]
[BlackElo "2620"]
[Annotator "Ribli,Z"]
[PlyCount "64"]
[EventDate "1991.05.??"]
[EventType "tourn"]
[EventRounds "9"]
[EventCountry "ESP"]
[EventCategory "12"]
[SourceTitle "CBM 024"]
[Source "ChessBase"]
[SourceDate "1991.10.01"]
[SourceVersion "1"]
[SourceVersionDate "1991.10.01"]
[SourceQuality "1"]

1. c4 e5 2. Nc3 Nf6 3. Nf3 Nc6 4. e3 Bb4 5. Qc2 Bxc3 6. Qxc3 Qe7 7. a3 d5 8. d4
(8. cxd5 $5 Nxd5 9. Qb3 Nb6 10. d3 O-O (10... Bg4 11. Be2 O-O 12. h3 Bh5 13. g4
Bg6 14. e4 Kh8 15. Be3 Rfd8 16. Qc2 $13 {Rivas,M-Kortschnoj,V Salamanca 1991
CBM/23}) 11. Be2 Kh8 12. O-O f5 $13 {Hansen,Cu-Epishin,V Groningen op 1990 CBM/
22}) 8... exd4 9. Nxd4 Nxd4 10. Qxd4 c5 11. Qh4 dxc4 12. Bxc4 O-O 13. Bd2 (13.
O-O Be6 14. b3 Bxc4 15. Qxc4 Rfd8 16. Bb2 Rd2 17. Bxf6 Qxf6 $10 {Lukin,
A-Epishin,V URS-sf Daugavpils 1989 CBM/16}) 13... Be6 14. Bc3 Bxc4 15. Qxc4 Ne4
16. O-O Rfd8 17. Rfd1 h6 18. f3 Nxc3 19. Qxc3 b5 20. e4 c4 21. Qa5 a6 22. Qb6
Rab8 23. Qxa6 Qc5+ 24. Kf1 Rd3 $44 25. Qa5 Qd4 26. Rxd3 Qxd3+ 27. Ke1 Qd4 $1
28. Kf1 Qxb2 29. Rd1 c3 30. Rd8+ Rxd8 31. Qxd8+ Kh7 32. Qd5 c2 0-1

[Event "Geneve"]
[Site "Geneve"]
[Date "1990.??.??"]
[Round "8"]
[White "King, Daniel J"]
[Black "Miralles, Gilles"]
[Result "1-0"]
[WhiteElo "2560"]
[BlackElo "2460"]
[Annotator "Ribli,Z"]
[PlyCount "51"]
[EventDate "1990.11.??"]
[EventType "tourn"]
[EventRounds "10"]
[EventCountry "SUI"]
[EventCategory "11"]
[SourceTitle "CBM 021"]
[Source "ChessBase"]
[SourceDate "1991.04.01"]
[SourceVersion "1"]
[SourceVersionDate "1991.04.01"]
[SourceQuality "1"]

1. c4 e5 2. Nc3 Nf6 3. Nf3 Nc6 4. e3 Bb4 5. Qc2 Bxc3 6. Qxc3 Qe7 7. a3 a5 $6 (
7... d5 8. d4 exd4 9. Nxd4 Nxd4 10. Qxd4 c5 11. Qh4 dxc4 12. Bxc4 Be6 $10 {
Lukin,A-Epishin,V URS-sf Daugavpils 1989 CBM/16}) 8. b3 d5 9. d4 exd4 10. Nxd4
Ne5 11. cxd5 Nxd5 12. Qc2 O-O 13. Be2 Qg5 (13... Ng4 14. O-O $16 Qe5 15. Nf3 $1
Qxa1 16. Bb2 Qa2 17. Ng5 $18 {Nei}) 14. g3 Ng4 15. O-O Qh5 16. h4 Qe5 {/\ Ndxe3
} 17. Bc4 c6 18. Nf3 $1 Qf6 (18... Qxa1 19. Bb2 Qa2 20. Ng5 $18) 19. Ng5 Bf5
20. e4 Bg6 21. h5 $1 Qxa1 22. Bb2 Nde3 23. fxe3 Nxe3 24. Qc3 Qxb2 25. Qxb2 Nxf1
26. hxg6 1-0

[Event "Balkaniad"]
[Site "Kavala"]
[Date "1990.??.??"]
[Round "1"]
[White "Badea, Bela"]
[Black "Moutousis, Konstantinos"]
[Result "0-1"]
[WhiteElo "2480"]
[BlackElo "2395"]
[Annotator "Ribli,Z"]
[PlyCount "84"]
[EventDate "1990.10.??"]
[EventType "team"]
[EventRounds "6"]
[EventCountry "GRE"]
[SourceTitle "CBM 021"]
[Source "ChessBase"]
[SourceDate "1991.04.01"]
[SourceVersion "1"]
[SourceVersionDate "1991.04.01"]
[SourceQuality "1"]

1. c4 e5 2. Nc3 Nc6 3. e3 Nf6 4. Nf3 Be7 5. d4 (5. a3 O-O 6. Qc2 d6 7. Be2 Re8
8. d3 Bf8 9. b4 Bf5 $13 {Smejkal,J-Paehtz,J Altensteig 1990 CBM/20}) 5... exd4
6. Nxd4 O-O 7. Be2 d5 (7... Re8 8. O-O Nxd4 9. Qxd4 Bd6 10. f4 Qe7 11. Bf3 Bc5
12. Qd3 d6 $10 {Seirawan,Y-Ehlvest,J Haninge 1990 CBM/18}) 8. Nxc6 bxc6 9. O-O
Rb8 $5 (9... Bd6 10. b3 Qe7 11. Bb2 dxc4 $1 $10 {Timman,J-Karpov,A Montreal
1979 28/40}) 10. Qa4 (10. Qc2 $5) (10. b3 $5) 10... Bd6 11. Qxa7 Rb6 12. Qa4 h5
13. Qd1 Ng4 14. h3 Qh4 15. f4 Re8 16. Rf3 Nh6 17. cxd5 cxd5 18. Nxd5 Rb8 19.
Nc3 Bb7 $44 20. e4 Bxe4 21. Nxe4 Rxe4 22. Bd2 Rbe8 23. Bd3 Rd4 24. Be1 Qe7 25.
Bc3 Rxf4 26. Rxf4 Bxf4 27. Qf3 Qd6 28. Rf1 Be5 29. Bxe5 Qxe5 30. Qf2 g6 31. b4
$2 Qc3 32. Qc2 Qxb4 33. Bxg6 $2 Qb6+ 34. Kh1 Qxg6 35. Qxc7 Re2 36. Qb7 Rxa2 37.
Qd5 Rc2 38. Re1 Kh7 39. Rf1 Re2 40. Kg1 Re6 41. Kh1 Rd6 42. Qa5 Rd3 0-1

[Event "Belfort"]
[Site "Belfort"]
[Date "1997.??.??"]
[Round "10"]
[White "Gurevich, Mikhail"]
[Black "Relange, Eloi"]
[Result "0-1"]
[WhiteElo "2620"]
[BlackElo "2505"]
[Annotator "Ribli,Z"]
[PlyCount "66"]
[EventDate "1997.10.??"]
[EventType "tourn"]
[EventRounds "10"]
[EventCountry "FRA"]
[EventCategory "13"]
[SourceTitle "CBM 062"]
[Source "ChessBase"]
[SourceDate "1998.01.31"]
[SourceVersion "1"]
[SourceVersionDate "1998.01.31"]
[SourceQuality "1"]

1. c4 e5 2. Nc3 Nf6 3. Nf3 Nc6 4. a3 g6 5. e3 {Weiß spielt eigentlich eine
Sizilianische Verteidigung mit Tempoplus. Mit dem Textzug kann Weiß die
Varianten mit ...Bb4 verhindern. Ribli.} Bg7 6. Qc2 (6. Be2 O-O 7. d3 d5 8.
cxd5 Nxd5 9. Bd2 Nxc3 10. Bxc3 a5 11. O-O a4 12. Nd2 Be6 13. b4 axb3 14. Nxb3
Qe7 15. Bb2 Na5 16. Nxa5 Rxa5 $13 {Cebalo,M-Smejkal,J/Vrsac 1981}) 6... O-O 7.
Be2 d5 8. cxd5 Nxd5 9. O-O {Jetzt haben wir die Taimanov-Variante der
Sizilianischen Verteidigung. Nach 1.e4 c5 2.Nf3 e6 3.d4 cxd4 4.Nxd4 Nc6 5.Nc3
Qc7 6.g3 a6 7.Bg2 Be7 8.o-o o-o wir haben diese Stellung, aber jetzt spielt
Weiß das schwarze System mit einem Tempo mehr. Ribli.} b6 {Schwarz entwickelt
seinen zweiten Läufer auf der großen Diagonale. Er hat eine feste Stellung
ohne Probleme. Ribli.} (9... Be6 10. d3 Qe7 11. Nxd5 Bxd5 12. e4 Be6 13. Be3
Nd4 14. Bxd4 exd4 15. Nd2 f5 16. exf5 Bxf5 17. Bf3 c6 18. Rae1 Qd7 19. Be4 Bxe4
20. Rxe4 {Dempsey,A-Sedwick,D/New Castle schev 1995/1-0 (81)}) 10. d3 Bb7 $11
11. Bd2 Nce7 {[%cal Gc7c5] Schwarz möchte mit folgendem 12...c5 eine starke
Zentrumstellung bauen. Ribli.} 12. b4 $6 {Weiß verhindert den Bauernzug ...
c7-c5, aber der Textzug hat auch seine Nachteile. Der weiße Damenflügel ist
geschwächt. Ribli.} (12. Rfd1 c5 13. Be1 $11) (12. Nxd5 Nxd5 (12... Qxd5 13.
Bc3)) (12. Rac1 c5 $11) 12... Rc8 (12... Qd7 13. Rac1 Rac8 14. Qb1 c5 15. bxc5
Rxc5 16. Nxd5 Nxd5 17. Rxc5 bxc5 18. Rc1 Rc8 19. Be1 Ba6 20. Nd2 Nb6 21. Ne4 {
1/2-1/2 Savon,V-Farago,I/Erevan 1982/MCD-r8}) 13. Nxd5 Qxd5 14. Rac1 Rfd8 15.
Bc3 (15. Rfd1 $5) 15... Qe6 (15... c5 16. Qb2 {[%csl Gb2,Gc3]}) 16. Rfd1 (16.
Qa4 $5) 16... Nd5 17. Ba1 c5 $15 18. Qa4 $2 (18. b5) (18. Qb1) 18... Bc6 19. b5
(19. Qxa7 $2 Ra8 $19) 19... Bd7 20. Qh4 $6 {[%cal Rf3g5] Weiß droht 21.Ng5,
aber in Wirklichkeit hat er keine reellen Angriffschancen am Königsflügel und
die Dame befindet sich in schlechter Position. Ribli.} (20. Qc4) 20... Qe8 {
[%cal Ge8a4] Schwarz verteidigt sich gegen die einzige weiße Drohung 21.Ng5,
und kontrolliert den b5-Bauern. Ribli.} 21. a4 a6 $1 $17 {Nach diesem Zug
gerät Weiß in großen Nachteil am Damenflügel und sein Gegenspiel ist schwer zu
organisieren. Ribli.} 22. d4 $5 {In strategisch sehr schwerer Stellung
versucht Weiß im Trüben zu fischen. Ribli.} (22. bxa6 Ra8 {[%cal Ra8a4]} (22...
Bxa4)) 22... cxd4 23. exd4 e4 {[%csl Ra1] Jetzt ist der a1-Läufer ausgesperrt
und der schwarze d5-Springer blockiert ausgezeichnet. Ribli.} 24. Ne5 Rxc1 25.
Rxc1 axb5 26. Nxd7 $6 (26. axb5 $5 Bxb5 27. Bxb5 Qxb5 28. Qxe4 $15 {Schwarz
hat unbestrittenen Vorteil, aber das Material ist reduziert, so daß Weiß über
Rettungchancen verfügt. Das weiße Hauptproblem ist sein schlechter Läufer.
Ribli.}) 26... Qxd7 27. Bxb5 Rc8 $1 {Ein starker Zwischenzug. Schwarz hat die
Herrschaft über die c-Linie, was seinen positionellen Vorteil erhöht. Ribli.}
28. Qg5 $2 (28. Bxd7 $4 Rxc1#) (28. Re1 Qf5 $17 {[%csl Ra1,Gf5]} 29. Rxe4 $2
Bf6 $1 (29... Rc1+ 30. Bf1 Rxa1 31. Re8+ Bf8 32. Qh6 Rxf1+ 33. Kxf1 Qb1+ 34.
Ke2 Qb4 $17) 30. Qg4 Qxg4 31. Rxg4 Rc1+ 32. Bf1 Rxa1 $19) 28... e3 $1 {Mit
diesem Zug unterbricht Schwarz die Verbindung zwischen Dame und Turm. Ribli.}
29. Rf1 exf2+ 30. Rxf2 Qd6 31. Qd2 (31. g3 Rc1+ 32. Rf1 Rxa1 33. Rxa1 Bxd4+ $19
) (31. Rf1 Nb4 {[%csl Rd4][%cal Gb4c2]}) 31... Nf6 {[%cal Rf6e4,Re4d2,Re4f2,
Rf6g4,Rg4f2,Rg4h2] Der schwarze Springer hat viele Drohungen. Ribli.} 32. Qe2 (
32. Re2 Ng4 {[%csl Rh2]} 33. g3 Bh6 $19 {[%cal Rc8c1]}) 32... Rc1+ $19 33. Rf1
Rxa1 {Und Weiß gab auf, denn er verliert eine Figur. Ribli.} (33... Rxa1 34.
Rxa1 Qxd4+ {[%cal Rd4a1,Rd4g1]}) 0-1